000 00306nam a22001217a 4500
008 160513b xxu||||| |||| 00| 0 eng d
020 _a9781581100563
020 _a1581100566
041 _aeng
080 _a611
245 _aNeonatal resuscitation:
_cJohn Kattwinkel MD; Jerry Short Ph D;
942 _2udc
_cBK
999 _c2141
_d2141